000 01289nam0a22002891 4500
001 RU\NLR\19V\934524
005 20260409063000.0
035 _a(NLR Aleph) 005290390
090 _a6184293
_c6184293
100 _a20130423d1899 |||y0rusy50 ca
101 0 _arus
102 _aRU
105 _ay n |||||
200 1 _aОбязательное постановление о мерах предупреждения и прекращения заразных болезней домашних животных в Одесском градоначальстве
205 _aИзд. неофиц.
210 _aОдесса
_d1899, ценз.
215 _a41 с.
_d22
309 _aБез тит. л. и обл.
540 1 _aО мерах предупреждения и прекращения заразных болезней домашних животных в Одесском градоначальстве
710 0 2 _aОдесская городская дума
_3RU\NLR\AUTH\8810232758
_9350651
712 0 2 _4570
_aОдесское градоначальство
_3RU\NLR\AUTH\889984175
_9464074
801 0 _aRU
_bNLR
_c20130423
_gpsbo
801 1 _aRU
_bNLR
_c20130423
_2rusmarc
801 2 _aRU
_bNLR
_c20130423
_2rusmarc
852 _aNLR
_j20.58.5.20
942 _cBOOK
980 _aNB